| 000 | 00636nam a22001937a 4500 | ||
|---|---|---|---|
| 003 | OSt | ||
| 005 | 20251127132332.0 | ||
| 008 | 251127b |||||||| |||| 00| 0 eng d | ||
| 020 | _a 978-621-406-096-2 | ||
| 040 |
_aDWC-Main lib _cOC |
||
| 082 | _aFil. 658.3 S487m 2016 | ||
| 100 | _aSerrano, Angelita Ong Camilar | ||
| 245 |
_a Marketing research/ _cAngelita Ong Camilar Serrano |
||
| 260 |
_aIntramuros, Manila : _bMindshapers co. inc. , _cc2016. |
||
| 300 |
_ax , 288 pages : _billustrations ; _c26cm. |
||
| 504 | _aIncludes bibliographical references | ||
| 650 | _a1. Marketing research | ||
| 942 |
_2ddc _cBK - FIL _kFil. _n0 |
||
| 999 |
_c6464 _d6464 |
||